VICTIMOLOGY IN INDIA (Record no. 11571)

MARC details
000 -LEADER
fixed length control field 00315nam a22001457a 4500
003 - CONTROL NUMBER IDENTIFIER
control field SGT
020 ## - INTERNATIONAL STANDARD BOOK NUMBER
International Standard Book Number 8170246733
082 ## - DEWEY DECIMAL CLASSIFICATION NUMBER
Classification number 364.609 54,RAJ
100 ## - MAIN ENTRY--PERSONAL NAME
Personal name RAJAN,V.N.
245 ## - TITLE STATEMENT
Title VICTIMOLOGY IN INDIA
260 ## - PUBLICATION, DISTRIBUTION, ETC. (IMPRINT)
Place of publication, distribution, etc NEW DELHI
Name of publisher, distributor, etc APH PUB
Year of Publication 2012
300 ## - PAGE DESCRIPTION
No. of Pages 268
650 ## - SUBJECT ADDED ENTRY--TOPICAL TERM
Topical term or geographic name as entry element VICTIMOLOGY IN INDIA
942 ## - ADDED ENTRY ELEMENTS (KOHA)
Source of classification or shelving scheme Dewey Decimal Classification
Koha item type Books
Holdings
Withdrawn status Lost status Source of classification or shelving scheme Damaged status Not for loan Collection code Home library Current library Shelving location Date acquired Vendor Name Cost, normal purchase price SGTU Bill Number Total Checkouts Full call number Accession No. (Barcode) Date last seen Bill Date Koha item type Date last borrowed
    Dewey Decimal Classification     LAW SGT Science & Social Sciences Library SGT Science & Social Sciences Library Text Book 17/05/2017 COMMERCIAL BOOK HOUSE 700.00 SGTU IN388   364.609 54,RAJ FL1840 17/05/2017 08/05/2017 Books  
    Dewey Decimal Classification   Not For Loan LAW SGT Science & Social Sciences Library SGT Science & Social Sciences Library Reference Book 17/05/2017 COMMERCIAL BOOK HOUSE 700.00 SGTU IN388   364.609 54,RAJ FL1841 17/05/2017 08/05/2017 Books  
    Dewey Decimal Classification     LAW SGT Science & Social Sciences Library SGT Science & Social Sciences Library Text Book 17/05/2017 COMMERCIAL BOOK HOUSE 700.00 SGTU IN388 1 364.609 54,RAJ FL1842 22/06/2017 08/05/2017 Books 01/06/2017
    Dewey Decimal Classification     LAW SGT Science & Social Sciences Library SGT Science & Social Sciences Library Text Book 17/05/2017 COMMERCIAL BOOK HOUSE 700.00 SGTU IN388 1 364.609 54,RAJ FL1843 30/01/2019 08/05/2017 Books 29/01/2019
    Dewey Decimal Classification     LAW SGT Science & Social Sciences Library SGT Science & Social Sciences Library Text Book 17/05/2017 COMMERCIAL BOOK HOUSE 700.00 SGTU IN388   364.609 54,RAJ FL1844 17/05/2017 08/05/2017 Books